| 000 | 00666cam a22002293a 4500 | ||
|---|---|---|---|
| 001 | 19275 | ||
| 003 | PGUSA | ||
| 005 | 20140828083417.0 | ||
| 008 | 060917s2006||||xxu|||||s|||||000 | eng d | ||
| 040 |
_aPGUSA _beng |
||
| 042 | _adc | ||
| 050 | 4 | _aBP | |
| 100 | 1 |
_aShoghi, Effendi, _d1897-1957 |
|
| 245 | 1 | 0 |
_aGod Passes By _h[electronic resource] / _cEffendi Shoghi |
| 260 |
_bProject Gutenberg, _c2006 |
||
| 506 | _aCopyrighted. Read the copyright notice inside this book for details. | ||
| 516 | _aElectronic text | ||
| 653 | _aBahai Faith -- History | ||
| 830 | 0 |
_aProject Gutenberg _v19275 |
|
| 856 | 4 | 0 | _uhttp://www.gutenberg.org/ebooks/19275 |
| 942 | _cEB | ||
| 999 |
_c248530 _d248530 |
||